000 00374nam a2200157Ia 4500
003 Ost
005 20260225132552.0
008 260225s9999||||xx |||||||||||||| ||und||
040 _cfsic
041 _afre
082 _a440
100 _aDominique Chalvin
_eAuteur
245 0 _aLes réunions d'expression des salariés /
245 0 _cDominique Chalvin
942 _cكتاب
999 _c34243
_d34243